[Event "RUS-chT 11th"]
[Site "Sochi"]
[Date "2004.04.25"]
[Round "6.4"]
[White "Galkin, Alexander"]
[Black "Beletsky, Alexey"]
[Result "1-0"]
[WhiteElo "2602"]
[BlackElo "2393"]
[Annotator "Huzman,A"]
[PlyCount "115"]
[EventDate "2004.04.20"]
[EventType "team-tourn"]
[EventRounds "9"]
[EventCountry "RUS"]
[SourceTitle "EXT 2020"]
[Source "ChessBase"]
[SourceDate "2019.10.17"]
[SourceVersion "1"]
[SourceVersionDate "2019.10.17"]
[SourceQuality "1"]
[WhiteTeam "Norilsk Norilsky Nikel"]
[BlackTeam "Tomsk Siberian Athens-Neftekhim"]
[WhiteTeamCountry "RUS"]
[BlackTeamCountry "RUS"]

1. e4 e5 2. Nf3 Nf6 3. d4 Nxe4 4. Bd3 d5 5. Nxe5 Bd6 6. O-O Nd7 7. Nxd7 Bxd7 8.
c4 c6 9. cxd5 cxd5 10. Nc3 Nxc3 11. bxc3 O-O 12. Qh5 g6 13. Qxd5 Qc7 14. Qf3 (
14. Bd2 Bxh2+ 15. Kh1 Bc6 16. Qg5 Rfd8 17. Qh4 $6 {1/2-1/2 Antonio,R-Handoko,E/
Singapore 1995/CBM 50 ext/[Chekhov] (27)} (17. f4 $5)) (14. h3 Be6 15. Qf3 Qxc3
16. Bh6 (16. Rb1 Qxd4 17. Be4 Qe5 (17... Be5 18. Bb2 Qc5 19. Ba3 $16 {1-0
Guseinov,K-Smirnov,I/Alushta 2001/EXT 2002 (37)}) 18. g3 Bxh3 19. Bb2 Qe7 20.
Rfe1 Rae8 21. Bc2 Qg5 $17 {0-1 Guseinov,K-Belikov,V/Alushta 2001/EXT 2002 (37)}
) 16... Rfd8 (16... Rfe8 17. Be4 Qxf3 18. Bxf3 Rab8 19. a4 f5 20. d5 Bd7 21.
Be3 b6 $11 {0-1 Bokros,A-Lurie,M/Mureck 1998/CBM 65 ext (44)}) 17. Rfd1 (17.
Bg5 Qxd4 (17... Re8 18. Bf6 Bf5 19. Bxf5 {1/2-1/2 Blehm,P-Kuczynski,R/Koszalin
1998/CBM 65 ext (19)}) 18. Bxd8 Rxd8 19. Qe4 Qf6 $6 20. Bc4 $14 {1-0 Wegener,
O-Jordan,R/Schopfenheim 1997/EXT 99 (38)}) 17... Bd5 18. Qf6 Bf8 19. Bxf8 Rxf8
20. Rac1 Qa3 21. Rc5 Qxa2 22. h4 Rae8 23. h5 Re6 24. Qg5 Bb3 25. Rdc1 b6 26.
Rc8 Qa5 $15 {0-1 Timman,J-Van der Sterren,P/Gouda 1997/EXT 99 (43)}) (14. Bh6
$5 Rfe8 (14... Rfd8 15. Qf3 Qxc3 (15... Bxh2+ 16. Kh1 Bd6 17. c4 $14) 16. Qf6
Bf8 17. Bxf8 Rxf8 18. Be4 Rad8 19. Rfc1 Qa5 20. Bxb7 Be6 21. Bf3 Rd7 22. Rd1
Rfd8 23. h4 Qf5 24. Qxf5 {1/2-1/2 Van der Wiel,J-Dorfman,J/Germany 1999/CBM 74
ext (24)}) (14... Bc6 15. Qg5 f6 16. Qh4 g5 17. Qh5 Be8 18. Qe2 $18 {1-0
Behnke,K-Berrou,M/Griesheim 2000/EXT 2001 (35)}) 15. Rac1 (15. h3 Rad8 16. Rae1
a6 17. Rxe8+ Rxe8 18. c4 b6 19. Rb1 Bh2+ 20. Kh1 Bd6 21. Qf3 $16 {0-1 Cardozo,
C-Garcia Garay,J/CADAP 2002/ICCF Telchess CBM 96 (34)}) 15... Bxh2+ 16. Kh1 Be5
17. f4 Bc6 18. Qc4 b5 19. Qb3 Qd7 20. f5 $15 {0-1 Lepelletier,B-Marciano,D/
France 1996/CBM 54 ext (43)}) (14. c4 Be6 15. Qf3 Bxc4 16. Bh6 (16. Bxc4 Qxc4
17. Qf6 Qe6 18. Qxe6 fxe6 $11 {0-1 Hanley,C-Gwaze,R/Halifax ENG 2003/(51)})
16... Rfe8 17. Rfc1 b5 18. Be4 (18. Bxc4 bxc4 19. Qf6 Bf8 $11 {1/2-1/2
Groszpeter,A-Rabiega,R/Leiner 1996/EXT 98 (23)}) 18... Rac8 19. Bb7 Rb8 20. Bc6
Bxh2+ 21. Kh1 Re6 22. d5 Rxc6 23. dxc6 Be5 24. Re1 $40 {1-0 Hunt,A-Hanley,C/
Blackpool 2003/CBM 95 ext (32)}) (14. h4 Be6 15. Qf3 Qxc3 16. Bh6 Rfe8 (16...
Rfd8 17. Bg5 Rd7 (17... Re8 18. Bf6 Bg4 19. Qxg4 Qxd3 $11 {0-1 Sandu,M-Ionescu
Brandis,I/Bucharest 2000/EXT 2001 (37)}) 18. Rfd1 Bf8 19. Rac1 Qa5 20. Bf6 a6
21. Be4 Bd5 $11 {1/2-1/2 Nedev,T-Urban,K/Elista 1998/CBM 66 ext (35)}) 17. Qf6
Bf8 18. Bxf8 Rxf8 19. Be4 (19. Rfd1 Qa5 $1 20. Be4 Qd8 21. Qxd8 Raxd8 22. d5
Bf5 $1 23. Bxf5 gxf5 24. d6 Rd7 $11 {1/2-1/2 Tiviakov,S-Jussupow,A/Groningen
1994/Inf 62/[Tiviakov,S] (28)}) 19... Rad8 20. Rfd1 Bd5 (20... Bg4 21. f3 b6
22. Rac1 Qa3 23. fxg4 Qe3+ 24. Qf2 Qxe4 $11 {1/2-1/2 Fuhrmann,A-Endean,A/IECC
2002/Telechess CBM 91 (28)}) 21. Rac1 Qa3 22. h5 Qd6 23. Qxd6 Rxd6 24. Bxd5
Rxd5 25. Rc7 Rxh5 (25... Rfd8 26. Rxb7 Rxd4 27. Rxd4 Rxd4 28. Rxa7 gxh5 $14 {
1/2-1/2 Lepelletier,B-Koch,J/Besancon 1999/CBM 73 (40)}) (25... Rb8 26. h6 a5
27. Re1 Rxd4 28. Rxb7 Rf8 29. Ra7 Ra4 $14 {1/2-1/2 Capezza,M-Touzane,O/FIDE.
com 2002/EXT 2003 (65)}) 26. d5 (26. Rxb7 Ra5 27. Rd2 Rd8 28. f3 {1/2-1/2
Alvim,A-Endean,A/IECC 2001/Telechess CBM 87 (28)}) 26... Rd8 27. Rxb7 Rhxd5 {
1/2-1/2 Sutovsky,E-Fridman,D/Medellin 1996/Juniors (27)}) (14. Rb1 Bc6 (14...
b6 15. h4 Be6 16. Qf3 Bxa2 17. Bh6 Rfe8 18. Qf6 Bf8 19. Bxf8 Rxf8 20. Rbe1 Rad8
21. Re3 Rd6 22. Qg5 $14 {1/2-1/2 De Vreugt,D-Lalic,B/Zwolle 2001/CBM 81 ext 
(38)}) 15. Qg5 Bxh2+ 16. Kh1 Bd6 17. c4 Rfe8 18. Qh4 b6 19. d5 Bd7 20. Bg5 Qc5
21. Bf6 Be5 22. Rbe1 Qd6 $11 {0-1 De Vreugt,D-Nielsen,P/Esbjerg 2000/CBM 78/
[Hecht] (98)}) 14... Qxc3 (14... Bxh2+ 15. Kh1 Bd6 16. Bh6 (16. c4 Rfe8 (16...
Qd8 17. g3 Re8 (17... Rc8 18. Bh6 Re8 19. Rfe1 b6 20. Rxe8+ {1/2-1/2 Blanco
Gramajo,C-Etchechoury,G/CADAP 2000/ICCF Telechess (20)}) 18. Rb1 Bc5 19. d5 Qe7
20. Bb2 Bh3 21. Bf6 Qd7 $11 {1/2-1/2 Blanco Gramajo,C-Bulgarini,M/CADAP 2000 
(25)}) 17. c5 Bf8 18. Be4 Bc6 19. d5 Bb5 20. d6 Qxc5 21. Bd5 Bg7 22. Ba3 Qc3 (
22... Qd4 23. Bxf7+ Kh8 24. Bxe8 Rxe8 25. Rad1 Qh4+ 26. Kg1 Bxf1 27. Rxf1 $16 {
1-0 Brunsek,I-Cottegnie,F/IECG 2002/Telechess CBM 95 (39)}) 23. Bxf7+ Kh8 24.
Qxc3 Bxc3 25. Bxe8 Bxf1 26. Rc1 Rxe8 27. Rxc3 Rd8 28. Rc7 $16 {1/2-1/2
Rublevsky,S-Vallejo Pons,F/Ohrid 2001/CBM 84 (69)}) 16... Rfe8 17. Qf6 Bf8 18.
Bxf8 Rxf8 19. d5 Rfe8 20. Rfe1 Qc5 21. c4 b5 22. cxb5 Qxd5 $11 {1/2-1/2 Van
der Wiel,J-Van der Sterren,P/Gouda 1997/EXT 99 (35)}) 15. Qf6 (15. Bh6 Rfe8 16.
Qf6 Bf8 17. Bxf8 Rxf8 18. Be4 Bc6 (18... Be6 19. Bxb7 Rad8 20. Rfd1 Bxa2 21.
Rxa2 Qb3 22. Rad2 Qxb7 23. d5 $14 {1/2-1/2 Borisek,J-Krivokapic,M/Budva YUG
2003/(31)}) 19. Rfc1 {1/2-1/2 Dochev,D-Konopka,M/Pardubice 2000/EXT 2001 (19)}
(19. Rac1 Qb2 20. Rc2 Qb6 21. d5 Rfe8 22. Bf3 $14 {1/2-1/2 Ralls II,R-Borst,J/
Chessfriend.com 2003/Telechess CBM 99 (40)})) 15... Qc6 {[%cal Yc6f6]} 16. Bg5
(16. Bf4 Bxf4 17. Qxf4 Qa4 $1 {[%cal Ya4f4]} 18. h4 Rad8 $132 {[%csl Rd4]})
16... Bc7 (16... Rfe8 17. Rac1 Re6 18. Rxc6 Rxf6 (18... Bxc6 $5 19. d5 Rxf6 20.
dxc6 Re6 (20... Bxh2+ 21. Kxh2 Rxc6 $14) 21. cxb7 Rb8 22. Rb1 $44) 19. Rc3 Re6
$11) 17. Be4 $1 Qxf6 (17... Qxe4 $140 $4 18. Bh6 $18) (17... Qd6 18. Qxd6 Bxd6
19. Rab1 $16) 18. Bxf6 Rab8 (18... Bc6 $1 19. d5 (19. Bxc6 bxc6 20. Rac1 Rac8
$11) 19... Bb5 (19... Bd7 $2 20. d6 Bxd6 21. Rfd1 $18) (19... Ba4 $5 20. Rab1
Rab8 21. Be7 Rfe8 22. d6 Bd8 $11) 20. Rfb1 Ba6 $14) 19. Rfc1 Bf4 (19... Bd6 20.
Be5 Bxe5 21. dxe5 Be6 22. Rc7 Rfc8 23. Rxb7 Rxb7 24. Bxb7 Rc5 25. f4 g5 26.
fxg5 Rxe5 27. h4 Rb5 28. Bf3 Rb4 29. g3 a5 $14 {Activity of Black pieces
compensate extra pawn of White.}) 20. Rc3 Rfe8 21. Bd5 Bc6 $6 {Black transpose
position in the endgame with opposite colour bishops,but this endgame is not
easy to defend as the rooks are on the board.} (21... Be6 22. Bf3 $14 {[%cal
Gd4d5]}) 22. Bxc6 Re6 $1 23. Bxb7 Rxf6 24. Rb3 Bc7 25. Rc1 Bb6 26. Bf3 Rf4 $1 (
26... Rd6 27. a4 Re8 28. d5 Kf8 29. Rb5 $16 {[%cal Ga4a5]}) 27. d5 Rd4 {
[%cal Yd4d2,Yd2f2,Yb6f2]} 28. Rd1 Re8 (28... Rxd1+ $142 29. Bxd1 Rd8 30. Rd3
Bc5 $14 {[%cal Yg8d6] /+/-}) 29. Rbb1 Ra4 (29... Rxd1+ 30. Rxd1 $16 {[%cal
Gd5d7]}) 30. Rb2 Rd4 31. Rbb1 Ra4 32. Rb2 Rd4 33. Kf1 Ba5 34. Rbb1 Ra4 35. Ra1
Rb4 (35... Bc3 36. Rac1 Be5 37. d6 $1 $16) 36. d6 $1 Rb2 37. d7 Rd8 38. Rd5 Bb6
39. Be2 Kf8 40. a4 $1 Rb4 41. a5 Bc7 42. Ba6 $1 {[%cal Ga6c8]} Re4 43. Bc8 h5
44. h3 Ke7 45. Rc5 Bd6 46. Rc6 Re5 47. a6 $18 {[%csl Ra7]} Bc5 48. Rc1 Bd6 49.
Rb1 Bc5 50. Rb2 Bd6 51. Rbc2 Bb4 52. f4 Re4 53. Rc7 Rxf4+ 54. Ke2 Bd6 55. Rxa7
Ra4 56. Kd3 g5 (56... Be5 $142 57. Rc6 Ra2 58. Rb7 Rxg2 59. Rb5 f6 60. Ra5 $18)
57. Re2+ Kf8 (57... Kf6 58. Re8 Be7 59. Rc7 Ke6 60. Rc4 Ra3+ 61. Rc3 Ra4 62.
Kc2 $18 {[%cal Gc3e3]}) 58. Re8+ (58. Re8+ Rxe8 59. dxe8=Q+ Kxe8 60. Bd7+ $18)
1-0

[Event "Stepanakert Petrosian Memorial"]
[Site "Stepanakert"]
[Date "2004.03.16"]
[Round "8"]
[White "Kobalia, Mihail"]
[Black "Pashikian, Arman"]
[Result "1-0"]
[WhiteElo "2643"]
[BlackElo "2451"]
[Annotator "Huzman,A"]
[PlyCount "135"]
[EventDate "2004.03.09"]
[EventType "tourn"]
[EventRounds "9"]
[EventCountry "ARM"]
[EventCategory "13"]
[SourceTitle "CBM 100"]
[Source "ChessBase"]
[SourceDate "2004.06.01"]
[SourceVersion "1"]
[SourceVersionDate "2004.06.01"]
[SourceQuality "1"]

1. e4 e5 2. Nf3 Nf6 3. d4 Nxe4 4. Bd3 d5 5. Nxe5 Nd7 6. Nxd7 Bxd7 7. O-O Bd6 8.
c4 c6 9. Nc3 Nxc3 10. bxc3 O-O 11. cxd5 cxd5 12. Qh5 f5 13. Qf3 Kh8 14. Bd2 (
14. Bf4 Qc7 15. Bxd6 Qxd6 16. Rfe1 (16. Rab1 b6 17. Rfe1 (17. Bb5 Rac8 18. a4
Rfe8 19. Qd3 Re4 20. f3 Re7 21. Rfe1 Rce8 $11 {1/2-1/2 Roche Simon,M-Solano
Lasierra,J/Zaragoza 2001/EXT 2003 (49)}) 17... Rfe8 18. h4 g6 19. Bc2 Rac8 20.
Rbd1 Bb5 21. h5 Kg7 22. a4 Bc4 23. g3 Re6 24. Re3 Rce8 25. Rde1 Rxe3 26. Rxe3
Re6 27. Kg2 Qe7 $11 {1/2-1/2 Firt,S-Velicka,P/Opava 2000/CBM 76 ext (37)})
16... Rfe8 (16... Rac8 17. Bc2 Qc6 18. Bb3 Qxc3 19. Qxc3 Rxc3 20. Bxd5 Rd3 21.
Re7 Rd8 22. Rc1 h6 23. Bxb7 Rxd4 24. g3 Kg8 25. Rc7 Kf8 26. Re5 f4 $11 {
1/2-1/2 Nedev,T-Mikhalevski,V/San Salvador ESA 2003/(31)}) 17. Bc2 (17. g3 g6
18. Bc2 {1/2-1/2 Groszpeter,A-Lipinsky,F/Paks 2000/CBM 77 ext (18)}) 17... g6 (
17... Rac8 18. h4 $1 (18. Bb3 Re4 $11 {1/2-1/2 Ovetchkin,R-Skatchkov,P/
Nefteyugansk 2002/CBM 92(27)}) 18... g6 19. h5 Kg7 20. g3 Qc6 21. Rxe8 Rxe8 22.
Kg2 $14 {1-0 Galkin,A-Macieja,B/Istanbul 2003/CBM 96/[Huzman] (55)}) 18. h4 Kg7
19. c4 dxc4 20. Qxb7 Rab8 21. Qxa7 Ra8 22. Qc5 Qxc5 23. dxc5 Rxa2 $17 {0-1
Becerra Rivero,J-Perez,R/Santa Clara 1999/EXT 2003 (38)}) (14. h3 Qa5 15. Bd2
Rae8 16. a4 Bb8 17. Rfe1 Rxe1+ 18. Bxe1 Qc7 19. g3 Bc6 20. Bd2 f4 21. gxf4 Qf7
22. a5 Bxf4 23. Bxf4 Qxf4 24. Qxf4 Rxf4 25. Kg2 $14 {1-0 Areshchenko,A-Smirnov,
I/Evpatoria 2001/EXT 2003 (55)}) (14. Rb1 Qc7 15. h3 Bc6 16. Re1 g6 17. Bh6
Rfe8 18. g3 Kg8 19. Bc2 a5 20. h4 a4 21. Rxe8+ Rxe8 22. Bxa4 Bxa4 23. Qxd5+ Kh8
24. Rxb7 Bc6 25. Bg7+ Qxg7 26. Qxc6 Qf8 $13 {1-0 Giaccio,A-Fiorito,F/Villa
Ballester 2001/EXT 2002 (71)}) 14... Qh4 (14... Qa5 15. h4 Rae8 16. h5 Bc6 17.
h6 g6 18. Rfe1 Qc7 19. Bg5 Kg8 20. a4 Qb6 21. Rab1 Qc7 22. c4 Qa5 23. Rxe8 Rxe8
24. Bf4 $36 {1-0 Scacco,M-Daurelle,H/IECG 2002/Telechess CBM 95 (46)}) 15. g3
Qg4 $1 (15... Qh3 16. Bf4 Bxf4 17. Qxf4 Rf6 18. f3 Rc8 19. Rae1 $16 {[%cal
Ge1e7]}) 16. Kg2 (16. Qxg4 fxg4 $11 {[%cal Yd7f5]}) 16... Rf6 (16... f4 $1 17.
Qxg4 Bxg4 18. f3 Bd7 (18... Bf5 $2 19. Bxf5 Rxf5 20. Rab1 $1 b6 21. g4 $16) 19.
Rab1 b6 $14 {/=}) 17. h4 (17. h3 Qxf3+ 18. Kxf3 f4 19. g4 $14 {/=}) 17... Qxf3+
(17... f4 18. Qxg4 Bxg4 19. f3 Bd7 20. g4 $14) 18. Kxf3 Be8 19. Bg5 Bh5+ 20.
Kg2 Rf7 21. f3 Bg6 22. Bd2 f4 23. Bxg6 hxg6 24. g4 $14 {[%csl Rd5,Rf4] This
endgame is in favour of White as they can use weaknesses of pawns d5 and f4 to
create new weaknesses in the position of Black.} Re8 (24... Re8) 25. Kf2 Rfe7
26. Rfe1 Rxe1 27. Bxe1 $1 {[%csl Rd5][%cal Ga1b1,Gb1b5][%mdl 32] Of course,
White keep one pair of rooks.The mobility of Ra1 allows them to shatter
defence of Black.} a6 $6 (27... Rb8 $5 28. a4 (28. Rb1 b5) 28... Kg8 29. Rb1
Kf7 30. Ke2 Ke6 31. Kd3 b6 $14) 28. a4 Kg8 (28... Rb8 $5 29. Ke2 Kg8 30. Kd3
Kf7 31. c4 $16) 29. Rb1 Re7 30. Rb6 $16 Rd7 31. Ke2 Kf7 32. Kd3 {[%cal Gc3c4]}
Bb8 33. Bd2 Ba7 34. Rb1 Bb8 35. Rh1 $1 {By this move White create new
possibility of penetration.} Bc7 36. h5 g5 37. h6 $1 gxh6 38. Rxh6 Kg7 39. Rh1
Bd8 40. Rb1 Bf6 41. Bc1 $1 {[%cal Gc1a3] White transfer Bd2 to the active
position now.} Kf7 42. Ba3 Kg8 (42... Be7 43. Bc5 Rc7 44. Rb6 $5 Bxc5 45. dxc5
Rxc5 46. Rxb7+ Kf8 47. Ra7 (47. Rh7 Ra5 48. Rh5 Ke7 49. Rxg5 Ke6 50. Kc2 $1
Rxa4 51. Kb3 Ra1 52. Rf5 $16) 47... Ra5 48. Kd4 Rxa4+ 49. Ke5 Ra5 50. Kf6 Ke8
51. Re7+ Kd8 52. Re5 $16) 43. Bc5 Be7 44. c4 $1 {[%mdl 4096] The next step in
White's plan is to create a passed pawn.} Bxc5 {Black decide to go in
R-endgame.Rd7 is passive but possibility of counterplay against pawn f3 gives
them drawing chances.} 45. dxc5 dxc4+ (45... d4 $2 46. Rb6 $18 {[%cal Gb6d6]})
46. Kxc4 Kf7 47. Rb6 Re7 48. Kd5 Rd7+ 49. Rd6 Re7 50. Rh6 Kg7 51. Re6 Rd7+ 52.
Rd6 (52. Ke4 Rc7) 52... Re7 53. Rb6 Kf8 $2 (53... Kf7 $142 54. a5 (54. Rh6 Kg7
55. Rd6 Kf7 56. Rb6) 54... Rd7+ 55. Ke5 Rc7 56. c6 bxc6 57. Rxa6 c5 58. Kd6 Re7
$132 {[%cal Ye7e3]}) 54. Re6 $1 Rd7+ 55. Ke4 $18 {[%cal Ge4f5]} Kf7 56. Kf5 {
[%mdl 4]} Rd3 (56... Rd5+ 57. Re5 Rd3 58. Kxg5 Rxf3 59. Rf5+ Kg7 60. Rxf4 Rc3
61. Rf5 Rc4 62. Rd5 Kf8 63. a5 $18) 57. Rf6+ Ke7 (57... Kg7 58. Kxg5 Rxf3 59.
Rb6 $1 Rc3 60. Rxb7+ Kf8 61. Kf6 Ke8 62. g5 Rxc5 (62... f3 63. Re7+ Kd8 (63...
Kf8 64. g6 $18) 64. Re5 $18 {[%cal Ge5f5]}) 63. Rb8+ Kd7 64. g6 $18) 58. Kxg5
Rxf3 59. Rxf4 Rc3 60. Kh6 Rxc5 61. g5 b5 62. g6 Rc1 63. g7 Rh1+ 64. Kg6 Rg1+
65. Kh7 Rh1+ 66. Kg8 Rg1 (66... Rh2 67. Rf7+ Ke8 68. axb5 axb5 69. Rf5 b4 70.
Re5+ Kd7 71. Kf7 Rf2+ 72. Kg6 Rg2+ 73. Rg5 $18) 67. Rh4 $1 Kf6 68. Rh6+ (68.
Rh6+ Ke7 69. Kh8 Kf7 70. Rh7 $1 $18) 1-0

[Event "FIDE-Wch k.o."]
[Site "Tripoli"]
[Date "2004.06.23"]
[Round "3.1"]
[White "Dominguez Perez, Leinier"]
[Black "Tkachiev, Vladislav"]
[Result "1-0"]
[WhiteElo "2612"]
[BlackElo "2635"]
[Annotator "Huzman,A"]
[PlyCount "67"]
[EventDate "2004.06.19"]
[EventType "k.o."]
[EventRounds "7"]
[EventCountry "LBY"]
[SourceTitle "CBM 102"]
[Source "ChessBase"]
[SourceDate "2004.09.23"]
[SourceVersion "1"]
[SourceVersionDate "2004.09.23"]
[SourceQuality "1"]

1. e4 e5 2. Nf3 Nf6 3. d4 Nxe4 4. Bd3 d5 5. Nxe5 Nd7 6. Nxd7 Bxd7 7. O-O Bd6 8.
Nc3 Nxc3 9. bxc3 O-O 10. Qh5 f5 11. Re1 c6 (11... Qf6 $5 12. Qf3 $1 (12. Bg5
Qf7 13. Qxf7+ Kxf7 14. c4 dxc4 (14... h6 15. Bd2 dxc4 16. Bxc4+ Kg6 17. Rab1 b6
$11 {1/2-1/2 Hansson,S-Gorshkova,I/Szeged 1994/TD (35)}) 15. Bxc4+ Kg6 16. Be7
Rfe8 17. Bxd6 cxd6 18. Bd5 Rac8 $11 {0-1 Garcia,G-Krush,I/Montreal CAN 2004/
(30)}) 12... c6 (12... Kh8 13. Rb1 (13. Qxd5 $2 c6 14. Qa5 b6 15. Qa6 Qg6 16.
Bf1 Qh5 17. h3 Rf6 $40) 13... b6 14. Bf4 Rae8 15. Rxe8 Bxe8 $146 (15... Rxe8
16. Qxd5 Be6 17. Qc6 $16) 16. Re1 Bh5 17. Qg3 Re8 18. Rxe8+ Bxe8 19. Bxd6 cxd6
20. Qf3 g6 $1 21. Qxd5 Qe7 $16 {1-0 Pavlovic,M-Mikhalchishin,A/Lenk 1999/EXT
2000 (36)}) 13. Bf4 Ba3 $5 $146 (13... Rae8 14. Qg3 Bxf4 15. Qxf4 Qf7 16. g3 g6
17. h4 Rxe1+ 18. Rxe1 Re8 $14 {1/2-1/2 Kveinys,A-Giertz,N/Marbach 1994/EXT 97 
(32)}) 14. Rab1 b5 15. Be5 (15. c4 $6 bxc4 16. Bxc4 (16. Be5 Qe7) 16... Qxd4
$17) 15... Qf7 16. Qf4 $14 {1-0 Palac,M-Atalik,S/Bled 2002/CBM 92/[Atalik] (28)
}) 12. Bg5 Qc7 13. c4 (13. Be7 Rfe8 (13... Rf7 14. Bxd6 Qxd6 15. c4 $14) 14.
Bxd6 (14. Bxf5 Bxh2+ 15. Qxh2 Qxh2+ 16. Kxh2 Bxf5 $15) 14... Qxd6 $11) 13...
Be8 $6 (13... Bb4 $5 14. Re2 (14. Re3 Bc3 15. Rd1 Bxd4 16. Rh3 (16. Re7 Bc5)
16... h6 17. Bxh6 gxh6 18. Qg6+ Bg7 19. Rxh6 Rf7) 14... Bc3 15. Rd1 Bxd4 16.
cxd5 cxd5 17. Qf3 Qa5 18. c4 $44) 14. Qh3 dxc4 15. Bxc4+ Bf7 16. Be6 $1 {
[%mdl 32] White explores the square e6 for seizing control over file "e".} g6 (
16... Bxe6 17. Rxe6 Rae8 18. Rae1 Rxe6 19. Rxe6 c5 $132 20. d5 c4) 17. Re2 Rfe8
({Black missed an opportunity of simplification the position by} 17... Bxe6 18.
Rxe6 Rae8 19. Rae1 (19. Qb3 Rxe6 20. Qxe6+ Kg7 $11) 19... Rxe6 20. Rxe6 Qb6 21.
Qb3 Qxb3 22. axb3 Bb4 $11) 18. Rae1 Bf8 $2 (18... Bxe6 19. Rxe6 Rxe6 20. Rxe6
Qb6 21. Qb3 Qxb3 22. axb3 Bf8 $11) 19. Qb3 $1 $16 Rxe6 20. Rxe6 {[%cal Gd4d5]}
Bxe6 21. Rxe6 Qf7 22. Bf6 $1 Bh6 (22... Rc8 23. h4 c5 24. d5 $16) 23. h4 $1 Rf8
24. Be5 {[%cal Gh4h5][%mdl 4]} a5 25. a4 $18 Rd8 26. h5 $1 $18 Rd5 (26... Rd7
27. hxg6 hxg6 28. Rxg6+ Kh7 29. Rd6 $18) 27. Rf6 Qe8 28. Qxb7 Rxd4 29. Bxd4
Qe1+ 30. Kh2 Bf4+ 31. g3 Bxg3+ 32. Kg2 Qe4+ 33. f3 Qe2+ 34. Kxg3 1-0

[Event "FIDE-Wch k.o."]
[Site "Tripoli"]
[Date "2004.06.22"]
[Round "2.4"]
[White "Rublevsky, Sergei"]
[Black "Iordachescu, Viorel"]
[Result "1-0"]
[WhiteElo "2671"]
[BlackElo "2627"]
[Annotator "Huzman,A"]
[PlyCount "70"]
[EventDate "2004.06.19"]
[EventType "k.o."]
[EventRounds "7"]
[EventCountry "LBY"]
[SourceTitle "CBM 102"]
[Source "ChessBase"]
[SourceDate "2004.09.23"]
[SourceVersion "1"]
[SourceVersionDate "2004.09.23"]
[SourceQuality "1"]

1. e4 e5 2. Nf3 Nf6 3. d4 Nxe4 4. Bd3 Nc6 5. dxe5 Nc5 6. Nc3 Nxd3+ 7. Qxd3 d6
8. Bf4 $1 dxe5 (8... Nxe5 9. Nxe5 dxe5 10. Qxd8+ Kxd8 11. O-O-O+ Bd7 12. Bxe5
$16) 9. Nxe5 Qxd3 (9... Bb4 10. O-O-O Qxd3 11. Rxd3 $16) 10. Nxd3 Bd6 (10...
Bf5 11. Bxc7 Rc8 12. Bg3 Nb4 (12... Bb4 13. Nxb4 Nxb4 14. O-O-O $1 Nxa2+ 15.
Nxa2 Rxc2+ 16. Kb1 $16) 13. Kd2 Nxd3 14. cxd3 Bc5 $44) 11. Nb5 $1 {[%mdl 36]} (
11. Bxd6 cxd6 12. O-O-O $16 {[%csl Rd6]}) 11... a6 (11... Bxf4 12. Nxf4 Kd8 13.
O-O-O+ Bd7 14. Rd2 Ne5 15. Rhd1 Kc8 (15... a6 16. Nd4 Kc8 17. Nf3 $1 Nxf3 18.
Rxd7 $18) 16. Nd5 $16) 12. Nxd6+ (12. Bxd6 axb5 13. Bxc7 $16) 12... cxd6 13.
Bxd6 (13. O-O-O Ke7 14. Nb4 $1 $16) 13... Bf5 14. O-O-O $16 O-O-O 15. Nf4 g5 (
15... Rhe8 $142 16. Rd2 (16. Bc5 g5 17. Rxd8+ (17. Nd5 Re2 18. Ne3 Rxf2 $11)
17... Rxd8 18. Nh5 Rd5 19. Be3 Nb4 $132) 16... Re4 17. f3 Rd4 $1 18. Rxd4 Nxd4
19. Be5 g5 20. Bxd4 Rxd4 (20... gxf4 21. Rd1 $16 {[%csl Rf4]}) 21. Ne2 $16) 16.
Ne2 Rhe8 17. Nc3 (17. Ng3 Bg6 18. c4 Re6 19. c5 b6 $132) 17... b6 18. a3 h5 (
18... Re6 19. Bg3 Nd4 20. Rd2 $16) 19. Rd5 Bg6 (19... Be6 20. Rd2 Na5 21. Rhd1
Nc4 22. Rd4 $16) 20. Rhd1 f6 21. f4 $1 g4 22. f5 Bf7 23. R5d2 Ne5 24. b3 h4 25.
Bxe5 (25. Na4 $1 b5 26. Nc5 $18) 25... Rxd2 26. Rxd2 Rxe5 27. Rd4 $1 h3 (27...
g3 $5 28. hxg3 hxg3 29. Ne4 $1 Bd5 (29... Kc7 30. Nxg3 $18) 30. Nxg3 Bxg2 31.
Rd6 Re3 32. Nh5 $18) (27... Rxf5 28. Rxg4 Rg5 29. Rxg5 fxg5 30. Ne4 Bd5 31.
Nxg5 Bxg2 32. Kd2 $18) 28. gxh3 gxh3 29. Ne4 $18 Kc7 30. Nxf6 Kc6 31. Rf4 Re2
32. Ng4 Kd6 33. f6 Rg2 34. Nh6 Ke6 35. Rf3 Kd5 (35... Rxh2 36. Re3+ $18) 1-0